00882nam a22002177a 4500003000400000005001700004008004100021020001800062040000900080111006700089245011000156260007600266490002300342650005400365650004000419700004600459710003700505942001300542999001500555952009400570OSt20130603114056.0130603s2007 sp ||||| |||| 00| 0 cat d a9788439379461 cCDMR2 93630aJornades d'Història de la PremsacBarcelonad2007n2es aPoder polític i resistència periodísticab: actes de les segones Jornades d'Història de la Premsa aBarcelonabGeneralitat de Catalunya. Departament de Presidènciac20070 aLexikon. Papersv40493470aPremsa i políticaxHistòriavCongressos0491524aPremsaxHistòriazCatalunya1 913aFigueres i Artigues, Josep Mariaeed.1 91064aCatalunyab -- Generalitat 2udccMON c6384d6384 00104070aCDMRbCDMRd2013-01-16l0oDu 7/35pCDMR13066593r2013-06-03w2013-06-03yMON